000 00650nam a2200205Ii 4500
003 JO-AjNU
008 230605s9999||||xx |||||||||||||| ||und||
017 _a2005/6/1394
040 _aJO-AjNU
_bara
_erda
_cJO-AjNU
041 _aara
050 1 4 _aPJ7860.A22.M32 2006
100 3 _aتأليف الربابعة،حسن محمد ,
_eauthor
_99634
245 0 0 _aمداد السيوف: ديوان شعر
264 3 1 _aالكرك:المؤلف،2005
300 _a84ص
336 _atext
_btxt
_2rdacontent
337 _aunmediated
_bn
_2rdamedia
338 _avolume
_bnc
_2rdacarrier
650 4 _aالشعر العربي - العصر الحديث
_99635
999 _aA1401
_c4969
_d4969